000 00684nam a2200289Ia 4500
005 20260324112248.0
008 008 260324s9999 xx 000 0 eng d
020 _a9781003491927
037 _aEBOOK
040 _aCRL
040 _beng
040 _cCRL
041 _2eng
041 _aeng
084 _qCRL
100 _aWilliam B Rouse
_91141958
245 4 _aThe Power of Games
245 0 _bBusiness Impacts and Innovation Opportunities
260 _bTaylor and Francis
260 _c2024
365 _a
365 _b205
856 _uhttp://www.taylorfrancis.com/books/9781003491927
942 _cEBOOK
999 _c1731102
_d1731102